00409cam a22001217a 4500008004000000082001400040100002000054245012000074260002300194300001000217650003000227650003000257180718b1982 xxu||||| |||| 00| 0 eng d aDx54 T329 aTharoor, Shashi aReasons of state: political development and India's foreign policy under Indira Gandhi 1966-1977cby Shashi Tharoor aDelhibVikasc1982 a438p. aIndia --Foreign relations aGandhi, Indira, 1917-1984